00924 2200277 4500001002100000005001500021035002000036007000300056008004100059020002200100082000800122084001400130100002600144245004900170250000900219300003100228700003300259700003800292700003800330700003700368264004600405336005800451337001900509338002700528856009100555INLIS00000000000006120240926104229 a0010-0924000002ta240926 c 0 ind  a978-602-244-787-0 a507 a507 CEC i0 aCece SutiaePengarang1 aIlmu Pengetahuan Alam Untuk SMP/MTS Kelas IX a2024 a202 :bilus ;c17,6 x 25cm0 aVictoriani InabuyePengarang0 aOkky Fajar Tri MaryanaePengarang0 aBudiyanti Dwi HardanieePengarang0 aSri Handayani LestariePengarang aJakarta Selatan :bPusat Perbukuan,c2024 2rdacontentaBahan ajar Ilmu Pengetahuan Alam Kelas IX 2rdamediaaBuku 2rdacarrieraSoft Cover ahttps://static.buku.kemdikbud.go.id/content/pdf/bukuteks/kurikulum21/IPA-BS-KLS-IX.pdf